Don Berry /

Bibliographic Details
Main Author: Love, Glen A., 1932-
Format: Book
Language:English
Published: Boise, Idaho : Boise State University, [1978]
Series:Boise State University western writers series ; no. 35.
Subjects:

MARC

Tag First Indicator Second Indicator Subfields
LEADER 00000cam a2200000 i 4500
001 in00000008504
005 20151003060028.0
008 790621s1978 idu b s00010 eng
010 |a  78052564  
020 |a 0884300595 :  |c $2.00 
035 |a (OCoLC)04656408 
035 |9 AAA0897AM 
040 |a DLC  |c DLC  |d m.c.  |d TXA  |d UtOrBLW 
050 0 0 |a PS3552.E746  |b Z75 
082 0 |a 813/.5/4 
100 1 |a Love, Glen A.,  |d 1932- 
245 1 0 |a Don Berry /  |c by Glen A. Love ; cover design and ill. by Arny Skov. 
264 1 |a Boise, Idaho :  |b Boise State University,  |c [1978] 
264 4 |c ©1978 
300 |a 46 pages ;  |c 21 cm. 
336 |a text  |b txt  |2 rdacontent 
337 |a unmediated  |b n  |2 rdamedia 
338 |a volume  |b nc  |2 rdacarrier 
490 1 |a Boise State University Western writers series ;  |v no. 35 
504 |a Bibliography: pages 45-46. 
600 1 0 |a Berry, Don. 
830 0 |a Boise State University western writers series ;  |v no. 35. 
999 |a MARS 
999 f f |s 67e7b692-bae6-3d91-98cb-57e3a6e3d433  |i bf847f00-d432-34ff-a4a1-ff725c6f842e  |t 0 
952 f f |p ric  |a Texas A&M University  |b Rellis Campus  |c Joint Library Facility  |d Remote Storage  |t 0  |e PS3552.E746 Z75  |h Library of Congress classification  |i unmediated -- volume  |m A14812616220 
998 f f |a PS3552.E746 Z75  |t 0  |l Remote Storage